01017nam a2200265 a 450000500170000000800410001701000150005802000150007302000180008804000480010610000280015424501510018225000120033326000740034530000230041949000540044250400530049665000380054965000280058765000400061570000300065570000230068570000350070804100080074320170608111011.01 s2008 xxu r 001 0 eng d a2007049551 a0470197617 a9780470197615 aCo-BoUCMbspacEdgar PinilladEdgar Pinilla1 aO'Brien, Judith Grunert14aThe course syllabusba learning-centered approachcJudith Grunert O'Brien, Barbara J. Millis and Margaret W. Cohen ; foreword by Robert M. Diamond a2da ed. aSan Francisco (California, Estados Unidos)bJossey-Bass A Wileyc2008 axix, 132 páginas0 aThe Jossey-Bass higher and adult education series aIncluye referencias bibliográficas e índices04aEducación superiorxCurrículo04aEvaluación curricular04aDiseño de sistemas de enseñanza0 aMillis, Barbara J.d1946-0 aCohen, Margaret W.0 aDiamond, Robert M. eprólogo aeng